Sports Quiz

Random Sports Quiz

Monster jam monster trucks Quiz Stats

 Plays Quiz not verified by Sporcle

Score 0/16 Timer 10:00
0 Plays Today
% Correct
grave digger
97.6%
maximum destruction
57.1%
monster mutt
39.3%
mohawk warrior
9.5%
iron man
7.1%
monster mutt dalmation
6%
stone crusher
4.8%
predator
3.6%
% Correct
war wizard
3.6%
advanced auto parts grinder
2.4%
el toro logo
2.4%
tasmanian devil
1.2%
the patriot
1.2%
backdraft
0%
backwords bob
0%
spike unleashed
0%

You're not logged in!

Compare scores with friends on all Sporcle quizzes.
OR
Log In

Show Comments

Extras

Created Feb 26, 2012ReportNominate
Tags:jam, monster, truck

Top Quizzes Today


Score Distribution

Your Account Isn't Verified!

In order to create a playlist on Sporcle, you need to verify the email address you used during registration. Go to your Sporcle Settings to finish the process.

Report this User

Report this user for behavior that violates our Community Guidelines.

Details: